POCKET MANUAL ON THE ART OF HISTORY TAKING (Record no. 216635)
[ view plain ]
| 000 -LEADER | |
|---|---|
| fixed length control field | 00483nam a22001697a 4500 |
| 008 - FIXED-LENGTH DATA ELEMENTS--GENERAL INFORMATION | |
| fixed length control field | 260225b |||||||| |||| 00| 0 eng d |
| 020 ## - INTERNATIONAL STANDARD BOOK NUMBER | |
| International Standard Book Number | 978-93-5152-625 |
| 050 ## - LIBRARY OF CONGRESS CALL NUMBER | |
| Classification number | RC65.P73 2015 |
| 100 ## - MAIN ENTRY--PERSONAL NAME | |
| Personal name | PRABHU SHIVANANDA |
| 245 ## - TITLE STATEMENT | |
| Title | POCKET MANUAL ON THE ART OF HISTORY TAKING |
| 250 ## - EDITION STATEMENT | |
| Edition statement | 3rd |
| 260 ## - PUBLICATION, DISTRIBUTION, ETC. | |
| Place of publication, distribution, etc. | NEW DELHI |
| Name of publisher, distributor, etc. | THE HEALTH SCIENCES PUBLISHER |
| 300 ## - PHYSICAL DESCRIPTION | |
| Extent | X,72 |
| 650 ## - SUBJECT ADDED ENTRY | |
| Topical term or geographic name entry element | Medical history taking methods--physical diagnosis |
| 942 ## - ADDED ENTRY ELEMENTS (KOHA) | |
| Source of classification or shelving scheme | Library of Congress Classification |
| Koha item type | Long Loan Book |
| Withdrawn status | Lost status | Source of classification or shelving scheme | Damaged status | Not for loan | Collection | Home library | Current library | Shelving location | Date acquired | Inventory number | Total checkouts | Full call number | Barcode | Date last seen | Copy number | Price effective from | Koha item type | Date last checked out |
|---|---|---|---|---|---|---|---|---|---|---|---|---|---|---|---|---|---|---|
| Library of Congress Classification | Medicine | Kisii University Library | Kisii University Library | On Display | 02/25/2026 | 112017 | RC65.P73 2015 | A000161 | 02/25/2026 | C.2 | 02/25/2026 | Long Loan Book | ||||||
| Library of Congress Classification | Medicine | Kisii University Library | Kisii University Library | On Display | 02/25/2026 | 112016 | RC65.P73 2015 | A000159 | 02/25/2026 | C.1 | 02/25/2026 | Long Loan Book | ||||||
| Library of Congress Classification | Medicine | Kisii University Library | Kisii University Library | On Display | 02/25/2026 | 112018 | 1 | RC65.P73 2015 | A000157 | 04/23/2026 | C.3 | 02/25/2026 | Long Loan Book | 04/17/2026 | ||||
| Library of Congress Classification | Medicine | Kisii University Library | Kisii University Library | On Display | 02/25/2026 | 112019 | RC65.P73 2015 | A000162 | 02/25/2026 | C.4 | 02/25/2026 | Long Loan Book |